[Event "Tournoi Skype 018B"]
[Site "Skype"]
[Date "????.??.??"]
[Round "1.1"]
[White "Milanese, Serge"]
[Black "Briere, Jean"]
[Result "0-1"]
[WhiteElo "1317"]
[BlackElo "1556"]
[PlyCount "80"]

1. d4 d5 2. Nf3 Nc6 3. e3 Nf6 4. Nc3 e6 5. a3 Bd6 6. Bb5 Bd7 7. O-O a6 8. Ba4
O-O 9. Re1 b5 10. Bb3 b4 11. axb4 Bxb4 12. Bd2 a5 13. e4 Bxc3 14. Bxc3 Nxe4 15.
Bd2 Nb4 16. Bxb4 axb4 17. Ne5 f6 18. Rxa8 Qxa8 19. Nxd7 Rd8 20. Nxf6+ gxf6 21.
Qg4+ Kf7 22. c3 bxc3 23. bxc3 Qc6 24. Qh5+ Kg7 25. Bc2 Qxc3 26. Qe2 f5 27. h3
Qxd4 28. Bxe4 Qxe4 29. f3 Qxe2 30. Rxe2 Kf6 31. Kf2 c5 32. Ke3 e5 33. Kd3 c4+
34. Kc3 h5 35. h4 Rb8 36. Rb2 Rxb2 37. Kxb2 d4 38. Kc2 d3+ 39. Kc3 e4 40. fxe4
fxe4 0-1

[Event "Tournoi Skype 018B"]
[Site "Skype"]
[Date "????.??.??"]
[Round "1.3"]
[White "Codina, Teresa"]
[Black "Rajpurohit, Dinesh"]
[Result "0-1"]
[WhiteElo "1310"]
[BlackElo "1520"]
[PlyCount "48"]

1. e4 c5 2. Nf3 Nc6 3. d4 cxd4 4. Nxd4 e5 5. Nb3 a6 6. Nc3 Nf6 7. Be2 Bb4 8. f3
O-O 9. O-O Bxc3 10. bxc3 d6 11. Be3 Be6 12. Qd2 Rc8 13. Rfd1 Ne8 14. Qc1 Qc7
15. c4 b5 16. c5 h6 17. c4 bxc4 18. Bxc4 Nd4 19. Nxd4 exd4 20. Bxd4 dxc5 21.
Bxe6 fxe6 22. Bxc5 Qxc5+ 23. Kf1 Qb5+ 24. Ke1 Rxc1 0-1

[Event "Tournoi Skype 018B"]
[Site "Skype"]
[Date "????.??.??"]
[Round "1.4"]
[White "Sauvaget, Joel"]
[Black "Vervoort, Jean-Louis"]
[Result "1-0"]
[WhiteElo "1509"]
[BlackElo "1273"]
[PlyCount "88"]

1. d4 d5 2. Nf3 e6 3. e3 Nf6 4. Bd3 c5 5. c3 Nc6 6. O-O Bd6 7. Nbd2 O-O 8. Re1
c4 9. Bc2 b5 10. e4 Ng4 11. e5 Bc7 12. Nf1 f6 13. exf6 gxf6 14. h3 Nxf2 15.
Kxf2 e5 16. Kg1 e4 17. N3h2 Qd6 18. Qh5 Kh8 19. Bd1 Rg8 20. Ng4 f5 21. Nh6 Be6
22. Nxg8 Rxg8 23. Bg5 f4 24. Bf6+ Rg7 25. Bxg7+ Kxg7 26. Qg5+ Kh8 27. Qf6+ Kg8
28. Bg4 Nd8 29. Bxe6+ Nxe6 30. Qh4 f3 31. Qg4+ Kh8 32. gxf3 exf3 33. Qxf3 Ng5
34. Re8+ Kg7 35. Qg4 Qg6 36. Re7+ Kf6 37. Rxc7 Nxh3+ 38. Kh2 Qxg4 39. Rc6+ Kg5
40. Ng3 Kh4 41. Rh6+ Kg5 42. Rh5+ Kf4 43. Rf1+ Ke3 44. Rxh3 a5 1-0

[Event "Tournoi Skype 018B"]
[Site "Skype"]
[Date "????.??.??"]
[Round "1.5"]
[White "Picard, Mario"]
[Black "Sahrane, Juba"]
[Result "0-1"]
[WhiteElo "1271"]
[BlackElo "1476"]
[PlyCount "170"]

1. d4 d5 2. c4 e5 3. dxe5 d4 4. Nf3 Nc6 5. e3 Bb4+ 6. Bd2 dxe3 7. fxe3 Bg4 8.
Be2 Bxf3 9. Bxf3 Qh4+ 10. g3 Qxc4 11. Be2 Qe4 12. O-O O-O-O 13. Nc3 Bxc3 14.
bxc3 Nxe5 15. Rf4 Qc6 16. Qc2 Nf6 17. Rf5 Rhe8 18. Raf1 Qe6 19. c4 Neg4 20.
R1f4 Nxe3 21. Bxe3 Qxe3+ 22. Rf2 Rd2 23. Bg4 Nxg4 24. Qxd2 Qe1+ 25. Qxe1 Rxe1+
26. Kg2 Ne3+ 27. Kf3 Nxf5 28. g4 Nd4+ 29. Kg2 Re2 30. Rxe2 Nxe2 31. Kf2 Nc3 32.
a3 Kd7 33. Kf3 Kc6 34. Ke3 Kc5 35. Kd3 Na4 36. h3 Nb6 37. h4 Nxc4 38. a4 g5 39.
h5 Ne5+ 40. Ke4 Nxg4 41. Kf5 h6 42. Kxg4 Kd6 43. Kf5 Ke7 44. a5 c5 45. Kg4 c4
46. Kf3 c3 47. Ke3 Kf6 48. Kd3 b6 49. a6 g4 50. Kxc3 Kg5 51. Kc4 g3 52. Kd5 g2
53. Kc6 g1=Q 54. Kb5 Kxh5 55. Kc6 Qc5+ 56. Kb7 Qc7+ 57. Kxc7 f5 58. Kb7 f4 59.
Kxa7 f3 60. Kxb6 f2 61. a7 f1=Q 62. a8=Q Qf2+ 63. Kc7 Qf7+ 64. Kb6 Kg4 65. Qa4+
Qf4 66. Qd1+ Kg3 67. Qg1+ Kh4 68. Qh1+ Kg3 69. Qg1+ Kh4 70. Qh1+ Kg4 71. Qg1+
Qg3 72. Qd4+ Kh3 73. Qd7+ Kg2 74. Qd2+ Qf2+ 75. Qxf2+ Kxf2 76. Kc5 h5 77. Kd4
h4 78. Ke4 Kg2 79. Kd5 h3 80. Ke5 h2 81. Kd4 h1=Q 82. Kd5 Qe1 83. Kd4 Kf3 84.
Kd3 Qe4+ 85. Kc3 Ke3 0-1

[Event "Tournoi Skype 018B"]
[Site "Skype"]
[Date "????.??.??"]
[Round "1.7"]
[White "Gerbaux, Regis"]
[Black "De Nobrega, George"]
[Result "0-1"]
[WhiteElo "1268"]
[BlackElo "1458"]
[PlyCount "56"]

1. e4 e5 2. Nf3 Nc6 3. Bc4 h6 4. O-O Nf6 5. Nc3 Bb4 6. d3 Bxc3 7. bxc3 d5 8.
exd5 Nxd5 9. Bb2 O-O 10. d4 exd4 11. cxd4 Nf4 12. h3 Re8 13. d5 Na5 14. Bxg7
Nxh3+ 15. gxh3 Kxg7 16. Qd4+ Qf6 17. Rad1 Qxd4 18. Rxd4 Bxh3 19. Rfd1 Nxc4 20.
Rxc4 Rac8 21. Kh2 Bf5 22. Nh4 Bh7 23. Rg1+ Kf8 24. c3 Re4 25. Ng6+ Bxg6 26.
Rxg6 Rxc4 27. Rxh6 Kg7 28. Rh3 Rh8 0-1

[Event "Tournoi Skype 018B"]
[Site "Skype"]
[Date "????.??.??"]
[Round "1.8"]
[White "Hernandez, George"]
[Black "Lecluyse, Koenraad"]
[Result "1-0"]
[WhiteElo "1440"]
[BlackElo "1265"]
[PlyCount "21"]

1. d4 d5 2. e4 e6 3. Nc3 c6 4. e5 f6 5. Nf3 Qc7 6. Bf4 Bd7 7. Qd2 Na6 8. exf6
Bd6 9. Bxd6 Qxd6 10. fxg7 O-O-O 11. gxh8=Q 1-0

[Event "Tournoi Skype 018B"]
[Site "Skype"]
[Date "????.??.??"]
[Round "1.9"]
[White "Kruk, Clementine"]
[Black "Martin, Jean-Claude"]
[Result "0-1"]
[WhiteElo "1264"]
[BlackElo "1440"]
[PlyCount "88"]

1. e4 e5 2. Nf3 Nc6 3. Bc4 Bc5 4. b4 Bxb4 5. c3 Ba5 6. d4 d6 7. Qb3 Qd7 8. Ng5
Nh6 9. O-O O-O 10. Qb5 a6 11. Qd5 Bb6 12. Ba3 Ne7 13. Bb5 axb5 14. Qb3 exd4 15.
cxd4 Bxd4 16. Nc3 Bxc3 17. Qxc3 f6 18. Bb2 Nf7 19. f4 Qc6 20. Qd4 Qc5 21. Qxc5
dxc5 22. Rad1 Rxa2 23. Nxf7 Kxf7 24. Rf2 Kg8 25. e5 fxe5 26. Bxe5 Rxf2 27. Kxf2
c6 28. Ke3 Nf5+ 29. Ke4 g6 30. g4 Ng7 31. Bd6 Re8+ 32. Kf3 c4 33. h4 Kf7 34.
Be5 b4 35. Rd4 b5 36. Rd6 Re6 37. Rd8 Re8 38. Rd1 c3 39. Rc1 c5 40. Ke3 Bxg4
41. Kd3 c4+ 42. Kd4 Ne6+ 43. Kd5 Bf3+ 44. Kd6 Rd8# 0-1

[Event "Tournoi Skype 018B"]
[Site "Skype"]
[Date "????.??.??"]
[Round "1.11"]
[White "Gieschen, Mike"]
[Black "Galani, Mahendra"]
[Result "0-1"]
[WhiteElo "1235"]
[BlackElo "1419"]
[PlyCount "46"]

1. e4 e5 2. Nf3 d6 3. d4 exd4 4. Nxd4 Qe7 5. Nc3 Nf6 6. Bd3 c6 7. Bg5 Qe5 8.
Bxf6 Qxf6 9. Nf3 Be7 10. Qe2 Bg4 11. h3 Bh5 12. g4 Bg6 13. O-O-O Nd7 14. Nh2 b5
15. Qf3 Qe6 16. a3 a5 17. a4 b4 18. Nb1 Bg5+ 19. Nd2 Qa2 20. c4 bxc3 21. bxc3
Qa1+ 22. Bb1 Rb8 23. Qd3 Qb2# 0-1

[Event "Tournoi Skype 018B"]
[Site "Skype"]
[Date "????.??.??"]
[Round "1.12"]
[White "Ramirez Reina, Orlando"]
[Black "Delmonte, Davide"]
[Result "1-0"]
[WhiteElo "1410"]
[BlackElo "1233"]
[PlyCount "73"]

1. e4 d5 2. exd5 Qxd5 3. Nc3 Qa5 4. d4 Nf6 5. Bc4 g6 6. Nf3 Bf5 7. Bb3 Nd5 8.
Bd2 Nxc3 9. Bxc3 Qb6 10. d5 Rg8 11. O-O g5 12. Re1 g4 13. Nh4 Bd7 14. Qe2 g3
15. hxg3 Rxg3 16. Kh2 Rg5 17. Bd2 Rh5 18. Qxh5 Na6 19. Be3 Qd6+ 20. Kg1 Bg7 21.
Nf5 Qe5 22. Nxg7+ Qxg7 23. Qg5 Qh8 24. c3 O-O-O 25. Bd4 Rg8 26. Qxe7 Nc5 27.
Bxh8 Rxh8 28. Bc2 Rg8 29. Qxf7 Rg6 30. Bxg6 hxg6 31. Qxg6 Nb3 32. axb3 b5 33.
Qg8+ Kb7 34. Qf7 Bc8 35. Re7 a5 36. Rxc7+ Kb6 37. Rc6# 1-0

[Event "Tournoi Skype 018B"]
[Site "Skype"]
[Date "????.??.??"]
[Round "1.13"]
[White "Moumtaz, Abderrahim"]
[Black "Dubois, Real"]
[Result "0-1"]
[WhiteElo "1219"]
[BlackElo "1409"]
[PlyCount "60"]

1. d4 d5 2. c4 e6 3. Nc3 Nf6 4. Bg5 Be7 5. Nf3 c6 6. e3 O-O 7. Bd3 dxc4 8. Bxc4
b5 9. Bd3 Nbd7 10. e4 Bb7 11. e5 Nd5 12. Bxe7 Qxe7 13. O-O Rfe8 14. Rc1 Nb4 15.
Be4 Nb6 16. a3 N4d5 17. Qc2 g6 18. Nxd5 cxd5 19. Qc7 dxe4 20. Qxe7 Rxe7 21. Ng5
Rc8 22. Rxc8+ Nxc8 23. Re1 Rc7 24. h4 Ne7 25. Kh2 Rc4 26. Nxe4 Rxd4 27. Nf6+
Kg7 28. Ne8+ Kf8 29. Nf6 Rxh4+ 30. Kg3 Nf5# 0-1

[Event "Tournoi Skype 018B"]
[Site "Skype"]
[Date "????.??.??"]
[Round "1.14"]
[White "Kruzeniski, Randy"]
[Black "Bhandari, Dattatrey"]
[Result "0-1"]
[WhiteElo "1409"]
[BlackElo "1218"]
[PlyCount "140"]

1. d4 d5 2. Nf3 Nc6 3. e3 a6 4. c4 Bf5 5. a3 e6 6. Qb3 Na5 7. Qa4+ Nc6 8. Nc3
Nf6 9. Ne5 Nd7 10. Nxc6 bxc6 11. Qxc6 Be7 12. cxd5 O-O 13. dxe6 Bxe6 14. Bxa6
Nb6 15. Bd3 Bg5 16. Qe4 g6 17. O-O Bf5 18. Qe5 Bxd3 19. Rd1 Re8 20. Qg3 Bh4 21.
Qf4 Bc2 22. Re1 Ra5 23. g3 Bg5 24. Qf3 Rf5 25. Qe2 Be4 26. Nxe4 Rxe4 27. h4 Bh6
28. f3 Re7 29. f4 Nd7 30. Bd2 Nf6 31. g4 Rxf4 32. g5 Bxg5 33. hxg5 Rg4+ 34. Kh2
Qd6+ 35. Kh1 Rxg5 36. Rg1 Qd5+ 37. Rg2 Rh5+ 38. Kg1 Re4 39. Be1 Qf5 40. Rg3
Reh4 41. Qg2 Ne4 42. Rc1 Rh2 43. Qxh2 Rxh2 44. Kxh2 Qh5+ 45. Rh3 Qf5 46. Kh1
Qf1+ 47. Kh2 Qe2+ 48. Kh1 Qxb2 49. Rxc7 Qa1 50. Rf3 Qxe1+ 51. Kg2 Qe2+ 52. Kg1
Qxf3 53. Rc2 Qxe3+ 54. Kh2 Qg3+ 55. Kh1 Nf2+ 56. Rxf2 Qxf2 57. d5 Qf3+ 58. Kg1
Qxd5 59. a4 f5 60. a5 f4 61. a6 g5 62. a7 Qa8 63. Kf2 h5 64. Ke2 h4 65. Kd2 h3
66. Kc1 h2 67. Kb1 h1=Q+ 68. Kb2 Qxa7 69. Kc2 Qc5+ 70. Kb2 Qb4+ 0-1

[Event "Tournoi Skype 018B"]
[Site "Skype"]
[Date "????.??.??"]
[Round "1.15"]
[White "Douichi, Mohammed"]
[Black "Perrone, Gabriel Lorenzo"]
[Result "0-1"]
[WhiteElo "1216"]
[BlackElo "1390"]
[PlyCount "94"]

1. d4 Nf6 2. d5 b6 3. c4 Bb7 4. Nc3 d6 5. e4 c6 6. Nf3 cxd5 7. exd5 Nbd7 8. Bd3
Nc5 9. Bf5 g6 10. Bc2 Bg7 11. Ba4+ Nxa4 12. Qxa4+ Qd7 13. Nb5 O-O 14. O-O a6
15. Qb4 axb5 16. Rd1 bxc4 17. Qxc4 Rfc8 18. Qd4 Nxd5 19. Qd2 Nf6 20. Qe2 Ba6
21. Qe1 Rc2 22. Ne5 Qb5 23. Nd3 Ng4 24. a4 Qc4 25. Qxe7 Qe6 26. Qxe6 fxe6 27.
h3 Ne5 28. Nf4 Bb5 29. b3 Nf3+ 30. gxf3 Bxa1 31. axb5 Ra5 32. Nxe6 Rxb5 33. Bf4
Be5 34. Bxe5 dxe5 35. Rd8+ Kf7 36. Ng5+ Kg7 37. Rd7+ Kf8 38. Nxh7+ Ke8 39. Rd3
Rb2 40. Nf6+ Kf7 41. Nd5 R5xb3 42. Nc3 Rb1+ 43. Kg2 Rc1 44. Rd7+ Ke6 45. Rc7
Rcxc3 46. Rc6+ Kf5 47. Rxc3 Rxc3 0-1

[Event "Tournoi Skype 018B"]
[Site "Skype"]
[Date "????.??.??"]
[Round "1.16"]
[White "Karia, Kirti"]
[Black "Amato, Ludovica"]
[Result "1-0"]
[WhiteElo "1387"]
[BlackElo "1192"]
[PlyCount "55"]

1. e4 e5 2. Nf3 Nc6 3. d4 d6 4. dxe5 dxe5 5. Qxd8+ Nxd8 6. Nxe5 Nf6 7. Nc3 Bd6
8. Nf3 O-O 9. Bc4 Nc6 10. O-O Re8 11. Ng5 Be6 12. Nxe6 fxe6 13. Bg5 Be5 14. f4
Bd4+ 15. Kh1 Rad8 16. e5 Bxc3 17. bxc3 Ne4 18. Bxd8 Rxd8 19. Bxe6+ Kf8 20. Rab1
Nxc3 21. Rxb7 Ne2 22. Rxc7 Nb4 23. Rf7+ Ke8 24. Rxg7 Nxf4 25. Rg8+ Ke7 26. Rxd8
Kxd8 27. Rxf4 Nxc2 28. Rf7 1-0

[Event "Tournoi Skype 018B"]
[Site "Skype"]
[Date "????.??.??"]
[Round "1.17"]
[White "Bouffard, Georges"]
[Black "Porcabeuf, Jean-Marc"]
[Result "0-1"]
[WhiteElo "1183"]
[BlackElo "1380"]
[PlyCount "68"]

1. d4 d5 2. Nc3 Nf6 3. Nf3 b6 4. e3 Bb7 5. Bd3 Nbd7 6. Bd2 e6 7. Ne2 Bd6 8. Ng3
O-O 9. O-O Re8 10. Ng5 h6 11. Nh3 c5 12. c3 c4 13. Bc2 Qc7 14. f4 e5 15. Nh5
exd4 16. cxd4 Nxh5 17. Qxh5 Nf6 18. Qf3 Ne4 19. Be1 c3 20. bxc3 Re6 21. Kh1
Rae8 22. Nf2 Rg6 23. g4 Bc8 24. Rg1 Qe7 25. Nh3 f5 26. g5 hxg5 27. fxg5 Nxg5
28. Qxd5+ Kh8 29. Bxf5 Bxf5 30. Nxg5 Rxg5 31. Bh4 Rxg1+ 32. Rxg1 Qxh4 33. Qxd6
Be4+ 34. Rg2 Qe1# 0-1

[Event "Tournoi Skype 018B"]
[Site "Skype"]
[Date "????.??.??"]
[Round "1.19"]
[White "Alverson, Ginny"]
[Black "Sommadossi, Roberto"]
[Result "0-1"]
[WhiteElo "1180"]
[BlackElo "1378"]
[PlyCount "30"]

1. Nf3 d5 2. d4 Nf6 3. e3 Bg4 4. Be2 e6 5. O-O Bd6 6. Nbd2 O-O 7. c4 c5 8. dxc5
Bxc5 9. Bd3 Nc6 10. cxd5 Ne5 11. Ne4 Bb6 12. d6 Nxf3+ 13. gxf3 Bh3 14. Nxf6+
Qxf6 15. Re1 Qg5+ 0-1

[Event "Tournoi Skype 018B"]
[Site "Skype"]
[Date "????.??.??"]
[Round "1.20"]
[White "Sepulveda, Lyda Marcela"]
[Black "Farthouat, Catherine"]
[Result "1-0"]
[WhiteElo "1375"]
[BlackElo "1150"]
[PlyCount "29"]

1. e4 g6 2. d4 d6 3. Nf3 Bg7 4. Bd3 Nf6 5. Be3 O-O 6. Nc3 a6 7. Qd2 Re8 8. Bh6
Bxh6 9. Qxh6 Ng4 10. Qh4 Nc6 11. Ng5 h5 12. f3 Ne3 13. Qf2 Ng4 14. fxg4 Nb4 15.
Qxf7+ 1-0

[Event "Tournoi Skype 018B"]
[Site "Skype"]
[Date "????.??.??"]
[Round "1.21"]
[White "Lequeux, Pierre"]
[Black "Khatanhar, Mohit"]
[Result "0-1"]
[WhiteElo "1133"]
[BlackElo "1368"]
[PlyCount "64"]

1. e4 e5 2. Nf3 d6 3. h3 h6 4. d3 Be6 5. Be2 Nf6 6. Bd2 Be7 7. Nc3 Nbd7 8. O-O
O-O 9. a3 Nh7 10. g3 Bxh3 11. Re1 Qe8 12. Bf1 Bxf1 13. Kxf1 f5 14. Ke2 fxe4 15.
Nxe4 Qh5 16. Ke3 d5 17. Rh1 d4+ 18. Nxd4 exd4+ 19. Kxd4 c5+ 20. Kc3 Qe5+ 21.
Kb3 b5 22. Qh5 Rf5 23. Qg4 Qe6+ 24. c4 bxc4+ 25. dxc4 Rb8+ 26. Kc2 Bf6 27. Rxh6
Rxb2+ 28. Kd3 Rd5+ 29. cxd5 Qxg4 30. Nxf6+ Nhxf6 31. Rhh1 Nxd5 32. Bc3 c4# 0-1

[Event "Tournoi Skype 018B"]
[Site "Skype"]
[Date "????.??.??"]
[Round "1.22"]
[White "Torres, Vicky"]
[Black "Baker, Abi"]
[Result "1-0"]
[WhiteElo "1365"]
[BlackElo "1130"]
[PlyCount "110"]

1. e4 e6 2. d4 d5 3. Nc3 c5 4. dxc5 Bxc5 5. Bb5+ Bd7 6. exd5 Nf6 7. Qe2 O-O 8.
dxe6 fxe6 9. Nf3 Ng4 10. O-O Bxf2+ 11. Rxf2 Nxf2 12. Qxf2 Bxb5 13. Nxb5 Qd1+
14. Qe1 Qxe1+ 15. Nxe1 Nc6 16. Be3 Nb4 17. c3 Nd5 18. Bc5 Rf5 19. Nd4 Rh5 20.
Nxe6 g5 21. Nf3 Nf4 22. Nexg5 Ne2+ 23. Kf2 Re8 24. Bxa7 h6 25. Nh3 b5 26. Re1
Re7 27. Bc5 Rxc5 28. Rxe2 Rf7 29. Kg3 Rg7+ 30. Kf2 Rf7 31. Re8+ Kh7 32. Ke3 h5
33. Nhg5+ Kh6 34. Rh8+ Kg7 35. Re8 Ra7 36. Ne6+ Kf7 37. Nxc5 Kxe8 38. a3 Rc7
39. Ne6 Re7 40. Nfg5 Kd7 41. Kd4 Kd6 42. Nf4 h4 43. Nd3 Re2 44. Nf7+ Ke6 45.
Nf4+ Kxf7 46. Nxe2 Ke6 47. Kc5 Ke5 48. Kxb5 Ke4 49. c4 Ke3 50. Nc3 Kf2 51. g4
hxg3 52. hxg3 Kxg3 53. a4 Kf3 54. c5 Ke3 55. c6 Kd4 1-0

[Event "Tournoi Skype 018B"]
[Site "Skype"]
[Date "????.??.??"]
[Round "1.23"]
[White "Martin, Elise"]
[Black "Marino, Giuseppe"]
[Result "0-1"]
[WhiteElo "1107"]
[BlackElo "1353"]
[PlyCount "48"]

1. e4 e5 2. Nf3 d6 3. d3 Be7 4. Nc3 c6 5. Be2 Nf6 6. O-O O-O 7. Ng5 d5 8. Bh5
h6 9. Nf3 Nxh5 10. Nxe5 Nf6 11. h3 Bd6 12. Nf3 dxe4 13. dxe4 b6 14. e5 Ba6 15.
exd6 Bxf1 16. Qxf1 Qxd6 17. Be3 Nbd7 18. Qe2 Rfe8 19. Re1 Qc7 20. Nh4 Rad8 21.
Qf3 Ne5 22. Qg3 Nd5 23. Bxh6 Nf3+ 24. Qxf3 Rxe1# 0-1

[Event "Tournoi Skype 018B"]
[Site "Skype"]
[Date "????.??.??"]
[Round "1.24"]
[White "Maccaferri, Massimo"]
[Black "Guillaume, Mickael"]
[Result "1-0"]
[WhiteElo "1350"]
[BlackElo "1102"]
[PlyCount "47"]

1. e3 d5 2. d3 Bf5 3. Nc3 Nf6 4. e4 dxe4 5. dxe4 Qxd1+ 6. Nxd1 Nxe4 7. Bd3 Nc6
8. Bxe4 Bxe4 9. Nf3 Bxc2 10. Bf4 O-O-O 11. O-O e5 12. Bg5 Be7 13. Bxe7 Nxe7 14.
Nxe5 f6 15. Nf7 Rxd1 16. Raxd1 Re8 17. Rfe1 Bxd1 18. Rxd1 g5 19. Re1 h5 20. g3
h4 21. gxh4 gxh4 22. Kg2 Rg8+ 23. Kh3 Rg7 24. Rxe7 1-0

[Event "Tournoi Skype 018B"]
[Site "Skype"]
[Date "????.??.??"]
[Round "1.25"]
[White "Talbot, Jean"]
[Black "Ruiz Gomez, Luz Alba"]
[Result "0-1"]
[WhiteElo "1098"]
[BlackElo "1333"]
[PlyCount "46"]

1. e4 e5 2. Nf3 Nc6 3. d4 exd4 4. Nxd4 Nf6 5. Bg5 Be7 6. Nc3 O-O 7. Bc4 d6 8.
O-O Bg4 9. f3 Bh5 10. h3 Bg6 11. Re1 h6 12. Nxc6 bxc6 13. Bxf6 Bxf6 14. a4 Bh4
15. Re3 Qg5 16. Qd3 Rae8 17. Rae1 Bxe1 18. Rxe1 Bf5 19. b4 Bxh3 20. Qf1 Re5 21.
Kh2 Bd7 22. f4 Qh4+ 23. Kg1 Rh5 0-1

[Event "Tournoi Skype 018B"]
[Site "Skype"]
[Date "????.??.??"]
[Round "1.26"]
[White "Battaglia, Gabriele"]
[Black "Gagnon, Sindy"]
[Result "1-0"]
[WhiteElo "1326"]
[BlackElo "1016"]
[PlyCount "69"]

1. d4 d6 2. e4 Nf6 3. Bd3 Nc6 4. Nf3 Bg4 5. c3 e6 6. O-O d5 7. e5 Nd7 8. Re1
Be7 9. Nbd2 O-O 10. b3 b5 11. Bb2 b4 12. Rc1 Rb8 13. c4 dxc4 14. bxc4 Na5 15.
Qc2 g6 16. h3 b3 17. axb3 Nxb3 18. Nxb3 Bh5 19. g4 Bb4 20. Re4 f5 21. Rf4 fxg4
22. hxg4 Rxf4 23. gxh5 Rxf3 24. Be4 Qg5+ 25. Kf1 Rbf8 26. Bxf3 Rxf3 27. hxg6
hxg6 28. Ke2 Rh3 29. Rf1 c5 30. dxc5 Nxc5 31. Nxc5 Bxc5 32. Rg1 Qd8 33. Qxg6+
Kf8 34. Qxe6 Rb3 35. Rg8# 1-0

[Event "Tournoi Skype 018B"]
[Site "Skype"]
[Date "????.??.??"]
[Round "1.27"]
[White "Erten, Ozlem"]
[Black "Vincent, Andre"]
[Result "0-1"]
[WhiteElo "1000"]
[BlackElo "1326"]
[PlyCount "62"]

1. e4 c5 2. d3 Nc6 3. Nf3 d6 4. Be3 e5 5. Nc3 Nf6 6. Nd5 Nxd5 7. exd5 Nb4 8. c4
Be7 9. a3 Na6 10. Qb3 O-O 11. Be2 Qc7 12. O-O Bd7 13. Ng5 Bxg5 14. Bxg5 f6 15.
Bd2 Qc8 16. Qd1 g6 17. h3 Nc7 18. Bf4 exf4 19. Re1 f5 20. d4 b6 21. dxc5 bxc5
22. Bd3 Re8 23. Rxe8+ Nxe8 24. Qd2 Ng7 25. Re1 Qf8 26. Qxf4 Re8 27. Rxe8 Nxe8
28. Qg5 Qf6 29. Qd2 Qd4 30. b3 Qa1+ 31. Kh2 Qxa3 0-1

[Event "Tournoi Skype 018B"]
[Site "Skype"]
[Date "????.??.??"]
[Round "1.29"]
[White "Mimouni, Driss"]
[Black "Farfallini, Michel"]
[Result "0-1"]
[WhiteElo "1000"]
[BlackElo "1323"]
[PlyCount "66"]

1. e4 e5 2. Bc4 Nf6 3. a4 Nxe4 4. Qf3 Nf6 5. Qb3 d5 6. Bd3 Bc5 7. Bb5+ c6 8.
Be2 O-O 9. Nf3 Qc7 10. Ng5 h6 11. Nf3 Ng4 12. d4 exd4 13. O-O Re8 14. c3 Rxe2
15. Qd1 Re8 16. cxd4 Bd6 17. Re1 Rxe1+ 18. Nxe1 Bxh2+ 19. Kf1 Nxf2 20. Kxf2
Qg3+ 21. Ke2 Bg4+ 22. Nf3 Nd7 23. Qe1 Re8+ 24. Kd1 Qxe1+ 25. Kc2 Bxf3 26. gxf3
Re3 27. Bd2 Re2 28. f4 Bxf4 29. Kc3 Bxd2+ 30. Kb3 Qd1+ 31. Ka2 Qxa4+ 32. Na3
Re3 33. b3 Qxb3# 0-1

[Event "Tournoi Skype 018B"]
[Site "Skype"]
[Date "????.??.??"]
[Round "1.30"]
[White "Lemoine, Gerard"]
[Black "Tu, Harrison"]
[Result "1-0"]
[WhiteElo "1323"]
[BlackElo "1000"]
[PlyCount "25"]

1. d4 d5 2. c4 dxc4 3. e4 e5 4. d5 Nf6 5. Nc3 Bc5 6. Bg5 Nfd7 7. Bxd8 Kxd8 8.
Bxc4 a6 9. Qf3 Re8 10. Qxf7 Rf8 11. Qxg7 Bxf2+ 12. Kd2 b5 13. Qg5+ 1-0

[Event "Tournoi Skype 018B"]
[Site "Skype"]
[Date "????.??.??"]
[Round "2.1"]
[White "Briere, Jean"]
[Black "Sommadossi, Roberto"]
[Result "1-0"]
[WhiteElo "1556"]
[BlackElo "1378"]
[PlyCount "81"]

1. e4 e5 2. Nf3 Nc6 3. d4 d6 4. dxe5 dxe5 5. Qxd8+ Kxd8 6. Bc4 f6 7. Nc3 a6 8.
a3 Bd6 9. Be3 Nge7 10. O-O-O Bg4 11. Be2 Bxf3 12. Bxf3 Ng6 13. g3 Rf8 14. Bc5
Nd4 15. Bxd4 exd4 16. Rxd4 Ke8 17. Rhd1 Rd8 18. Bh5 Kf7 19. f4 Kg8 20. Bxg6
hxg6 21. Rd5 Rf7 22. f5 g5 23. R5d3 Rfd7 24. Nd5 Kf7 25. Nxc7 Rxc7 26. Rxd6
Rxd6 27. Rxd6 Re7 28. Rd4 g4 29. Kd1 g5 30. c4 b5 31. c5 Rc7 32. b4 a5 33. Rd6
Re7 34. Rd4 Rc7 35. Kd2 axb4 36. axb4 Ra7 37. Ke3 Ra3+ 38. Rd3 Ra2 39. c6 Ra8
40. c7 Ke8 41. Rd8+ 1-0

[Event "Tournoi Skype 018B"]
[Site "Skype"]
[Date "????.??.??"]
[Round "2.2"]
[White "Khatanhar, Mohit"]
[Black "Salazar Ticeran, Antonio"]
[Result "0-1"]
[WhiteElo "1368"]
[BlackElo "1526"]
[PlyCount "52"]

1. Nf3 d5 2. d4 Nf6 3. e3 e6 4. Bd3 Nc6 5. h3 Bd6 6. Nc3 Bd7 7. Bd2 O-O 8. O-O
Re8 9. Nh2 Bxh2+ 10. Kxh2 e5 11. dxe5 Nxe5 12. Be2 c5 13. f4 Ng6 14. Bd3 c4 15.
Bxg6 fxg6 16. Qf3 Bc6 17. Rf2 Qc7 18. Kg1 d4 19. exd4 Bxf3 20. Rxf3 Rad8 21.
Raf1 a6 22. f5 gxf5 23. Rxf5 Rxd4 24. Bf4 Qb6 25. b3 Rxf4+ 26. Kh1 Rxf1+ 0-1

[Event "Tournoi Skype 018B"]
[Site "Skype"]
[Date "????.??.??"]
[Round "2.3"]
[White "Rajpurohit, Dinesh"]
[Black "Sepulveda, Lyda Marcela"]
[Result "0-1"]
[WhiteElo "1520"]
[BlackElo "1375"]
[PlyCount "56"]

1. c4 e5 2. g3 Nf6 3. Bg2 d6 4. e3 Be6 5. Ne2 d5 6. O-O dxc4 7. Nbc3 c6 8. Re1
Bc5 9. Qc2 O-O 10. Rd1 Na6 11. a3 Qc8 12. d4 exd4 13. Nxd4 Bxd4 14. Rxd4 Nc5
15. Ne4 Nfxe4 16. Bxe4 Nd3 17. Bxh7+ Kxh7 18. Bd2 Rh8 19. Bc3 Kg8 20. Rd1 Bd5
21. h4 Qh3 22. e4 Rxh4 23. gxh4 Qg4+ 24. Kf1 Bxe4 25. Rxe4 Qxe4 26. Re1 Qh1+
27. Ke2 Re8+ 28. Kd1 Rxe1+ 0-1

[Event "Tournoi Skype 018B"]
[Site "Skype"]
[Date "????.??.??"]
[Round "2.4"]
[White "Marino, Giuseppe"]
[Black "Sauvaget, Joel"]
[Result "0-1"]
[WhiteElo "1353"]
[BlackElo "1509"]
[PlyCount "86"]

1. d4 d5 2. e3 Nf6 3. f4 Bf5 4. Nf3 e6 5. Be2 Be7 6. O-O O-O 7. Ne5 Nbd7 8. Nd2
Bd6 9. Ndf3 h6 10. Qe1 Bxc2 11. Bd3 Bxd3 12. Nxd3 Ne4 13. Nde5 Ndf6 14. h3 Nh5
15. Nh4 Be7 16. Nhg6 fxg6 17. Nxg6 Rf7 18. Nxe7+ Qxe7 19. Rf3 Rf6 20. g4 Rg6
21. Bd2 Nhg3 22. Rxg3 Nxg3 23. Qxg3 Rf8 24. a3 Qd8 25. Rc1 Rf7 26. b3 Qd7 27.
Qh4 Qe7 28. Qg3 Qxa3 29. Qe1 Qe7 30. Bb4 Qd8 31. h4 Rgf6 32. g5 hxg5 33. hxg5
Rf5 34. Qh4 g6 35. Qe1 Rh7 36. e4 dxe4 37. Qxe4 Qd5 38. Qxd5 Rxd5 39. Re1 Kf7
40. Bc3 Rh3 41. Rc1 c5 42. Bd2 Rxd4 43. Rd1 Rhd3 0-1

[Event "Tournoi Skype 018B"]
[Site "Skype"]
[Date "????.??.??"]
[Round "2.6"]
[White "De Nobrega, George"]
[Black "Maccaferri, Massimo"]
[Result "1-0"]
[WhiteElo "1458"]
[BlackElo "1350"]
[PlyCount "105"]

1. e4 e5 2. Nf3 g6 3. Nxe5 d6 4. Nf3 Bg7 5. Bc4 Nf6 6. Ng5 Qe7 7. Bxf7+ Kf8 8.
Bc4 Nxe4 9. Nxe4 Qxe4+ 10. Qe2 Qxg2 11. Qf1 Bh3 12. Qxg2 Bxg2 13. Rg1 Be4 14.
d3 Bf5 15. Nd2 Nc6 16. Nf3 Nb4 17. Bb3 Be6 18. Kd1 Re8 19. Bxe6 Rxe6 20. Ng5
Bh6 21. Nxe6+ Ke7 22. Bxh6 Kxe6 23. a3 Nd5 24. Re1+ Kd7 25. Kd2 Rg8 26. f4 Ne7
27. Re2 Nf5 28. Bg5 h6 29. Bf6 Rf8 30. Bc3 Nd4 31. Bxd4 Rxf4 32. Bxa7 h5 33.
Rg1 Rf6 34. Rg5 h4 35. Bd4 Rf4 36. c3 c5 37. Rf2 Rxf2+ 38. Bxf2 h3 39. Rxg6 Kc6
40. Rh6 b5 41. Rxh3 d5 42. Rh6+ Kd7 43. h4 Kc7 44. h5 Kd7 45. Rg6 Ke7 46. h6
Kf7 47. Rg1 d4 48. h7 Ke6 49. h8=Q Kd5 50. Bxd4 cxd4 51. Qxd4+ Kc6 52. Rg6+ Kb7
53. Qg7+ 1-0

[Event "Tournoi Skype 018B"]
[Site "Skype"]
[Date "????.??.??"]
[Round "2.7"]
[White "Ruiz Gomez, Luz Alba"]
[Black "Hernandez, George"]
[Result "1/2-1/2"]
[WhiteElo "1333"]
[BlackElo "1440"]
[PlyCount "81"]

1. d4 d5 2. c4 Nf6 3. cxd5 Nxd5 4. e4 Nb6 5. Nc3 g6 6. Nf3 Bg7 7. e5 Nd5 8. Bc4
Be6 9. Qb3 b6 10. O-O c6 11. Bxd5 cxd5 12. Bf4 O-O 13. Rac1 Nc6 14. Nb5 Na5 15.
Qd1 Nc4 16. b3 a6 17. Nc3 Na3 18. Qd2 b5 19. Bh6 b4 20. Ne2 Bg4 21. Bxg7 Kxg7
22. Qf4 Bxf3 23. Qxf3 Nb5 24. Rfd1 Rc8 25. Rxc8 Qxc8 26. Qxd5 Nc3 27. Nxc3 Qxc3
28. Qa5 Rc8 29. Qxa6 Rc6 30. Qe2 Qc2 31. Qxc2 Rxc2 32. Ra1 Rd2 33. h3 Rxd4 34.
a3 bxa3 35. Rxa3 Rb4 36. Ra7 e6 37. Ra3 h5 38. Kh2 g5 39. f3 Kg6 40. g4 h4 41.
Kg2 1/2-1/2